[Event "Karditsa"]
[Site "Karditsa"]
[Date "1996.??.??"]
[Round "9"]
[White "Graf, Alexander"]
[Black "Alterman, Boris"]
[Result "1-0"]
[WhiteElo "2595"]
[BlackElo "2585"]
[Annotator "Stohl,I"]
[PlyCount "65"]
[EventDate "1996.03.??"]
[EventType "tourn"]
[EventRounds "9"]
[EventCountry "GRE"]
[EventCategory "12"]
[SourceTitle "CBM 053"]
[Source "ChessBase"]
[SourceDate "1996.08.01"]
[SourceVersion "1"]
[SourceVersionDate "1996.08.01"]
[SourceQuality "1"]

1. Nf3 c5 2. c4 Nc6 3. d4 cxd4 4. Nxd4 Nf6 5. g3 Qb6 (5... e6 6. Nc3 {-A33}) (
5... Qa5+ $142 $5 6. Nc3 (6. Bd2 Qb6 7. Bc3 Ne4 $36) 6... Ne4 7. Nxc6 (7. Bd2
$5 Nxd2 8. Qxd2 $10) 7... dxc6 8. Qa4 Qxa4 9. Nxa4 e5 10. a3 Be6 11. e3 Ng5 12.
Be2 Bh3 13. Rg1 h5 14. f4 Ne4 15. Nc3 Nxc3 16. bxc3 O-O-O 17. Ra2 Bc5 18. Rd2
Rde8 19. Rd1 g6 20. Kf2 Re7 21. Rge1 Rhe8 $17 {Serper,G-Wolff,P/New York CITS/
1996/}) 6. Nb3 (6. Nc2 e6 7. Bg2 Be7 8. O-O O-O 9. Nc3 d6 10. b3 a6 11. e4 Qc7
12. Bb2 b6 13. Ne3 Bb7 14. Rc1 Qb8 15. a4 Qa7 16. Kh1 Rac8 17. g4 h6 18. h4 Nh7
19. g5 hxg5 20. hxg5 Bxg5 21. f4 Bf6 22. Rf3 $44 {Ivanov,MM-Elsness,F/Gausdal/
1996/}) 6... Ne5 (6... e6 7. Bg2 (7. Nc3 $142 {-A33}) 7... Ne5 8. O-O Nxc4 9.
e4 d6 10. Qe2 Ne5 11. Nc3 Bd7 12. Be3 Qa6 (12... Qd8 $142 $5 $13) 13. Qxa6 bxa6
14. Na5 Rc8 15. Rfd1 Be7 16. Bxa7 Nc6 17. Nxc6 Bxc6 18. Rac1 O-O $2 19. e5 dxe5
20. Bxc6 Rc7 21. Be3 Rxc6 22. Nd5 $1 $16 {Baumgartner,H-Topakian,R/OST-ch/1991/
}) (6... Qb4+ 7. Nc3 Ne4 8. Bg2 Nxc3 9. bxc3 Qxc3+ 10. Bd2 Qxc4 11. O-O e6 12.
a4 d5 13. Qb1 Qxe2 14. Bxd5 Ne5 15. Bf4 Nf3+ 16. Bxf3 Qxf3 17. Nd4 Qh5 18. Nb5
$40 {Rohrbach,F-Palek,M/BAY-chT2NO 9495/1995/}) 7. c5 Qc6 8. Rg1 $5 {An
ambitious move. Although White can't castle K-side, he will be able to develop
his pieces faster. The cramping effect of the c5-pawn is also stronger.} (8. f3
e6 9. Qd4 d6 10. Nc3 Ned7 11. cxd6 Bxd6 12. e4 O-O 13. Be3 Rd8 14. Qc4 Qxc4 15.
Bxc4 Ne5 16. Be2 Bb4 17. O-O b6 18. Rfd1 Bd7 19. Rac1 Be8 20. a3 Rxd1+ $10 {
1/2/Kovalev,S-Brodsky,M/Kherson/1990/}) 8... e6 $146 (8... d5 $142 9. cxd6 exd6
(9... e6 10. Bg2 Qa6 11. Qd4 Bxd6 12. Bf4 Nc4 13. Bxd6 Nxd6 14. Nc3 O-O 15.
O-O-O Nf5 16. Qa4 Qxa4 17. Nxa4 e5 18. Nc3 Rb8 19. Rd2 b6 20. Rgd1 Be6 21. Kb1
Ne7 {Tisdall,J-Akesson,R/Gausdal TM/1996/} 22. Nb5 $5 $14) 10. Bg5 d5 11. Bxf6
Bb4+ 12. Nc3 Bxc3+ 13. bxc3 Qxf6 14. Qd4 Qe7 15. Qe3 Bf5 16. Nd4 Be4 17. f3 Nc4
18. Qf4 Bg6 19. e4 Na3 20. e5 O-O 21. Qe3 Rac8 22. Kf2 Nb1 23. Rxb1 Bxb1 24.
Bh3 Qa3 25. Bxc8 $14 {Hansen,C-De Firmian,N/Copenhagen/1985/}) 9. Bf4 Ng6 (9...
d6 10. Bg2 Qa6 11. Nc3 $16 (11. Qd4 $5)) 10. Bg2 (10. Bd6 $6 Bxd6 11. cxd6 Ne4
12. Bg2 f5 $15) 10... d5 11. cxd6 Qa6 12. Be3 Bxd6 13. Nc3 Bd7 $2 (13... O-O
14. Nc5 Bxc5 (14... Qb6 15. Nxe6 Qxb2 16. Nxf8 Qxc3+ 17. Bd2 $18) 15. Bxc5 Re8
16. Qb3 $36 {[%csl Gc5,Gg2][%cal Gg2b7] @,^^,/^h1-a8 White is better developed
and his B-pair exrts strong pressure in the open position. His K will be safe
on b1.}) 14. Bxb7 $1 Qxb7 15. Qxd6 Ne7 $8 16. Bc5 Nf5 17. Qf4 Bc6 18. O-O-O $18
{[%csl Re8] ->עe8 White has not only won a pawn, but Black's K is trapped in
the middle.} Nd5 (18... Nd7 19. e4 Nxc5 20. Nxc5 Qb6 (20... Qb4 21. Nd3) 21.
exf5 Qxc5 22. fxe6 $18) 19. Nxd5 Bxd5 20. Na5 $1 Qd7 (20... Qc8 21. Qa4+ Kd8
22. Nc6+ $18) (20... Qb5 21. Rxd5 exd5 (21... Qxa5 22. Rxf5 exf5 23. Qe5+ $18 {
->}) 22. Qe5+ Kd8 23. Qxd5+ Kc7 24. Qxf5 Qxa5 25. Bd6+ Kb6 26. Bc7+ $18) 21. e4
Rc8 {Thanks to this possibility Black doesn't lose a whole piece.} 22. b4 Rxc5+
23. bxc5 Qa4 24. exd5 Qxa5 25. Qc4 O-O 26. d6 {Black has managed to get his K
to safety, but he lost more material and the game is over.} e5 (26... Qa3+ 27.
Kc2 Rb8 28. Rb1 $18) 27. Kb1 $5 {The safest} (27. d7 Qa3+ 28. Kd2 Nd4 $132)
27... Nd4 28. Rxd4 $1 exd4 29. Qxd4 {Technically best. The connected passed
pawns decide the game quickly.} Rd8 30. Ka1 Qb5 31. Rc1 {[%cal Rc5c6] /\c6} Qc6
32. Rd1 Rd7 33. Qd5 1-0

[Event "Biel SKA"]
[Site "Biel"]
[Date "1991.??.??"]
[Round "14"]
[White "Bareev, Evgeny"]
[Black "Shirov, Alexei"]
[Result "1/2-1/2"]
[WhiteElo "2680"]
[BlackElo "2610"]
[Annotator "Stohl,I"]
[PlyCount "122"]
[EventDate "1991.07.??"]
[EventType "tourn"]
[EventRounds "14"]
[EventCountry "SUI"]
[EventCategory "15"]
[SourceTitle "CBM 025"]
[Source "ChessBase"]
[SourceDate "1991.12.01"]
[SourceVersion "1"]
[SourceVersionDate "1991.12.01"]
[SourceQuality "1"]

1. d4 Nf6 2. c4 g6 3. g3 c5 4. Nf3 cxd4 (4... Bg7 5. Bg2 {-E60} Qa5+ $5 6. Bd2
Qb6 7. Nc3 cxd4 8. Na4 Qc6 $6 {N} (8... Qd8 9. Nxd4 Nc6 10. Nxc6 bxc6 (10...
dxc6 $5 $10) 11. O-O O-O 12. Rc1 d5 13. Be3 e6 14. Nc5 Qe7 15. cxd5 cxd5 16.
Nd3 $14 {Dzindzikhashvili,R-Gurevich,D,Jacksonville ch-US m 1990-CBM 21}) 9.
O-O Ne4 10. Ng5 (10. Bf4 $5 O-O 11. Ne5 $36) 10... f5 11. Nxe4 fxe4 12. e3 O-O
13. c5 d5 14. cxd6 Qxd6 15. exd4 Bxd4 16. Nc3 $16 {Dautov,R-Shirov,A,Morava A
1991}) 5. Nxd4 d5 $5 (5... Bg7 6. Bg2 Nc6 7. Nc3 {-A39}) (5... Qc7 $5 6. b3 {
Karpov,An-Kasparov,G,Bruxelles 1987-CBM 02} b6 7. Bg2 Bb7 $13 {Kasparov}) 6.
Bg2 Bg7 (6... dxc4 7. Qa4+ $14) (6... e5 7. Nf3 d4 8. O-O Nc6 9. e3 Bg4 10. Qb3
$16 {Tukmakov,V-Beliavsky,A,Vilnius 1978}) 7. Nc2 $1 (7. O-O O-O 8. cxd5 Nxd5
9. Nc3 Nxc3 10. bxc3 Nc6 $1 $10) (7. Qa4+ $5 Bd7 8. Qb3 $36) 7... Qa5+ $6 (7...
dxc4 8. Qxd8+ Kxd8 9. Ne3 $14 {_|_|^/^ h1-a8}) 8. b4 (8. Nc3 Ne4 $1 $13) (8.
Bd2 Qc5 {/\Ng4,Bb2} (8... Qb6 9. Nc3 dxc4 10. Ne3 $146) 9. Nc3 dxc4 10. Ne3 O-O
11. Qa4 Bd7 12. Qxc4 Qxc4 13. Nxc4 Bc6 $10) 8... Qc7 9. cxd5 $8 Ng4 10. O-O
Bxa1 11. Nxa1 $146 {[+],/^a1-h8} O-O 12. Nb3 Nd7 13. Qd4 Ngf6 14. Bb2 Qb6 (
14... Nb6 15. Rc1 Qd6 16. e4 $16) 15. Qc3 (15. Nc5 a5 $1 16. a3 axb4 17. axb4
Ra2 $132) 15... e5 $8 (15... Re8 16. e4 e5 17. N1d2 {/\Nc4,f4->}) 16. dxe6 (16.
N1d2 $5 $36 {/\Nc4}) 16... fxe6 (16... Qxe6 $2 17. Nc5 Nxc5 18. bxc5 $16) 17.
N1d2 e5 $1 $8 18. Nc4 Qe6 19. Nc5 Qe7 (19... Nxc5 20. bxc5 e4 21. Nd6 $16) 20.
Rd1 (20. Nxe5 $142 $5 Nxe5 21. Qxe5 Qxe5 22. Bxe5 $16) 20... Nxc5 21. Nxe5 $5 (
21. bxc5 {/\Ne5} Qxc5 $5 {/\} 22. Ba3 $6 Qxf2+ $1 23. Kxf2 Ne4+ $15) 21... Ncd7
22. Qc4+ Kg7 23. Qc7 $146 Rf7 (23... Kg8 24. Bh3 $40 (24. Nxd7 Bxd7 $1 25. Bxf6
Qxf6 $17)) 24. Nxf7 Kxf7 25. Rd6 Kf8 (25... Ne8 26. Qc4+ Kf8 27. Re6 $40) 26.
Bc1 (26. Bxf6 $5 Nxf6 27. Rd8+ Ne8 $8 28. Qf4+ Kg7 29. Qd4+ Kh6 $5 $146 (29...
Qf6 30. Qxf6+ Nxf6 31. Bh3 $16) (29... Nf6 30. e4 $16)) 26... Nb6 27. Qc5 {
/\Rf6} Nfd7 28. Bh6+ (28. Qd4 Qg7 $5 $13) 28... Ke8 29. Qd4 Ne5 $8 30. Bf4 Nf7
31. Rf6 Nd7 (31... Be6 $2 32. Bxb7 $1 Rd8 33. Bc6+ {/\} Kf8 34. Bh6+ Kg8 35.
Rxg6+ $1 $18) 32. Rc6 $8 g5 $5 (32... bxc6 33. Bxc6 Qxe2 34. Bxa8 $13) 33. Bd6
Nxd6 34. Rxd6 Nf8 35. h4 $5 (35. Bf3 $6 g4 $15) 35... gxh4 36. Bf3 {/\Bh5+-}
Bf5 37. gxh4 Rd8 38. Rxd8+ Qxd8 39. Qe5+ $10 Be6 40. Qh5+ Bf7 41. Qe5+ Be6 (
41... Ne6 42. Qh8+ Nf8 43. Qe5+ $10) 42. Qh5+ Ng6 $5 (42... Bf7 $10) 43. Qxh7
Bf7 (43... Nxh4 44. Bxb7 $10) 44. Qh6 (44. h5 $6 Qg5+ 45. Kh2 Ne5 $40) 44...
Qd1+ (44... Qxh4 45. Qe3+ Kf8 46. Qxa7 $10) 45. Kg2 Qd4 46. Kg1 Qxb4 47. Qe3+
Kf8 48. h5 Nf4 49. Qxa7 Bxh5 (49... Qe1+ 50. Kh2 Nxe2 $2 51. Qc5+ Kg8 52. Qg5+
Kf8 53. h6 $16) 50. Qb8+ Be8 {/\Qe1-+} 51. Kh2 $1 Qd4 52. e3 Qh8+ 53. Kg1 Qg7+
54. Kh2 Qh6+ 55. Kg1 Qg6+ 56. Kh2 Nd3 57. Bxb7 Qb6 (57... Nxf2 58. Qf4+ $10)
58. Qg3 $1 Qxb7 59. Qd6+ Qe7 60. Qxd3 Qh4+ $10 61. Kg1 Qg5+ {[Stohl]} 1/2-1/2

[Event "MK Cafe Cup-A"]
[Site "Koszalin"]
[Date "1999.08.06"]
[Round "4"]
[White "Teske, Henrik"]
[Black "Salmensuu, Olli"]
[Result "0-1"]
[WhiteElo "2515"]
[BlackElo "2443"]
[Annotator "Stohl,I"]
[PlyCount "68"]
[EventDate "1999.08.03"]
[EventType "swiss"]
[EventRounds "9"]
[EventCountry "POL"]
[SourceTitle "CBM 073"]
[Source "ChessBase"]
[SourceDate "1999.12.01"]
[SourceVersion "1"]
[SourceVersionDate "1999.12.01"]
[SourceQuality "1"]

1. d4 Nf6 2. c4 c5 3. Nf3 cxd4 4. Nxd4 e5 5. Nb5 d5 6. cxd5 Bc5 7. d6 $5 {
A very crude and direct move, which however is possibly not so bad.} O-O (7...
Ne4 $143 8. e3 (8. Nc7+ $4 Qxc7 9. dxc7 Bxf2#) (8. Be3 Bxe3 9. fxe3 Qa5+ 10.
N1c3 Nxc3 11. Nxc3 O-O $44) 8... Bb4+ (8... Nxd6 9. Qd5 $16) 9. Bd2 Bxd2+ 10.
Nxd2 Nxd6 11. Nf3 Nxb5 12. Bxb5+ (12. Qxd8+ $2 Kxd8 13. Nxe5 Nd6 14. Rd1 Ke7
15. Rxd6 f6 16. Nc4 b5 $17) 12... Bd7 13. Bxd7+ Nxd7 14. Qa4 $36) (7... Na6 8.
e3 (8. N1c3 O-O 9. e3 Bg4 (9... Bf5 10. a3 Rc8 11. b4 Bxb4 12. axb4 Nxb4 13.
Rxa7 Nc2+ 14. Ke2 Qb6 15. Ra2 Nb4 16. Rd2 Ne4 17. Nxe4 Qxb5+ 18. Ke1 Qa5 19. f3
Bxe4 20. fxe4 Qc5 21. d7 Qxe3+ 22. Be2 Rcd8 23. Rf1 Qxe4 24. Rf3 Nc6 25. Ba3
$18 {Sorensen,T-Sorensen,H/Copenhagen/1988/}) 10. f3 Be6 11. a3 Nh5 12. b4 Qh4+
13. g3 Nxg3 14. hxg3 Qxh1 15. bxc5 Bc4 16. Kf2 Qh2+ 17. Ke1 Qh1 18. Kf2 Qh2+
19. Ke1 Qxg3+ 20. Kd2 Qh2+ 21. Ke1 Qg3+ 22. Kd2 Qf2+ 23. Be2 Nxc5 $17 {Bang,
A-Hawelko,M/Berlin/1988/}) 8... O-O 9. Be2 Bf5 10. a3 Qd7 11. b4 Bb6 12. N1c3
Rad8 13. Bb2 Qe6 14. Na4 Nc7 15. Nxc7 Bxc7 16. Nc5 Qc8 17. Bxe5 $18 {Van der
Linde,M-Riemens,A/NLD-chT9495/ 1994/}) 8. Nc7 $2 $146 {But this is too much
and White's undevelped position can't stand it.} (8. N1c3 $142 Nc6 (8... Ne8 9.
Qd5 (9. Ne4 Qa5+ 10. Nbc3 Nxd6 $1 $11) 9... Qb6 10. e3 a6 11. Na4 Qa5+ 12. Nbc3
Nd7 13. Nxc5 $142 (13. Bd2 Nef6 14. Qb3 Qd8 15. Nxc5 Nxc5 16. Qa3 Qxd6 17. Na4
Nfe4 18. Bb4 Qf6 19. f3 Qh4+ 20. g3 Nxg3 21. hxg3 Qxg3+ 22. Ke2 e4 23. Bxc5 Rd8
24. Bd4 Qxf3+ 25. Kd2 Qxh1 26. Nb6 Rxd4+ {0-1,Bang,A-Peicheva Hansen,E/
Copenhagen/ 1990/}) 13... Qxc5 14. Qxc5 Nxc5 15. b3 $36) 9. g3 (9. e3 Bf5 10.
Bd3 $2 e4 11. Be2 a6 12. Nc7 Rc8 13. N7d5 Qxd6 14. Nxf6+ Qxf6 15. Bg4 Rcd8 16.
Qe2 Ne5 17. Bxf5 Nd3+ 18. Kf1 Qxf5 19. Rb1 Bb4 20. Bd2 Nxf2 $1 $19 {Voelzke,
K-Lorenz,S/RLNN/1988/}) 9... a6 $5 (9... Qb6 10. e3 Bg4 11. f3 Bf5 12. Na4 Bb4+
13. Kf2 Qd8 14. a3 Ba5 15. e4 Be6 16. b4 a6 17. Nbc3 b5 18. Nc5 Nxb4 19. axb4
Bxb4 20. Nxe6 fxe6 21. Na2 Bc5+ 22. Kg2 Bd4 23. Rb1 $16 {Bang,A-Sandstrom,L/
Copenhagen/1989/}) 10. Nc7 Ra7 11. Bg2 Bxd6 12. N7d5 Nxd5 13. Nxd5 b5 $132 {
/\Rd7,Bb7}) (8. Be3 Bxe3 9. fxe3 Na6 10. N1c3 Bd7 11. Qd2 Bxb5 12. Nxb5 Ne4 13.
Qd5 Qa5+ 14. Nc3 Nac5 $17 {Shvedchikov-Tseitlin,M/USSR/1977/}) 8... Ne4 $40 9.
e3 (9. Be3 Bxe3 10. fxe3 Qf6 11. Qd5 Qf2+ 12. Kd1 Qxe3 $40) 9... Bb4+ 10. Nd2 (
10. Nc3 Nxc3 11. bxc3 Bxc3+ 12. Bd2 Bxa1 13. Qxa1 Qxd6 14. Nxa8 Nc6 {[%cal
Rc8f5,Rf8a8] /\Bf5,Ra8-+}) (10. Bd2 Nxd2 11. Nxd2 Qxd6 12. Nxa8 Rd8 13. Be2
Bxd2+ 14. Kf1 {-10.Nd2}) 10... Qxd6 11. Nxa8 Rd8 {Black wins the pinned piece
on d2, as well as the offside Na8, while White still has to finish his
development and save his K from an attack.} 12. Be2 (12. a3 Nxd2 $1 (12...
Bxd2+ 13. Bxd2 Nxd2 14. Rc1 $16) 13. axb4 Nf3+ 14. Qxf3 Qxb4+ 15. Ke2 Bg4 16.
Qxg4 Qxg4+ 17. f3 Qc8 {/\Nc6-+}) 12... Nxd2 13. Bxd2 $8 Bxd2+ 14. Kf1 Nc6 $17 {
The simplest} (14... Qf6 $6 15. Qb3 {/\Nc7}) 15. Qc2 Qb8 16. a3 $5 (16. Rd1 Ba5
17. Rxd8+ Bxd8 18. Bc4 Bd7 $1 (18... Qxa8 19. Qb3 $15) 19. Qd3 Be8 $17) 16...
Qxa8 17. b4 Qb8 18. Bd3 (18. Rd1 Qd6 19. Bc4 e4 $5 (19... Qg6 $2 20. Qxg6 hxg6
21. Ke2 Bc3 22. b5 Rxd1 23. Rxd1 Ne7 24. Rd8+ Kh7 25. Re8 $18) 20. Qxe4 Ne5 21.
Be2 Qc7 $17) 18... g6 19. Rd1 $8 {The only way to win the B, although with his
connected o^ Black retains the upper hand.} (19. Qxd2 Qd6 20. b5 Ne7 21. Rd1 e4
$19) (19. Ke2 $2 Bxb4 20. axb4 Nxb4 $19) 19... Bxb4 20. axb4 Nxb4 21. Qc3 Nxd3
22. Rxd3 Rxd3 23. Qxd3 Be6 {[%csl Ga7,Gb7]} 24. Ke2 $2 (24. f3 $142 $5 b5 25.
Kf2 b4 $17) 24... Qc7 $1 25. Kf3 Bc4 26. Qd2 b5 {עf3 White faces similar
problems as in the line above, only his K is much worse placed.} 27. Rd1 (27.
Ra1 e4+ $1 28. Kxe4 Qe7+ {[%cal Re7f6] /\Qf6-+}) 27... Kg7 $1 (27... a5 $6 28.
Qd8+ Qxd8 29. Rxd8+ Kg7 30. Ra8 a4 31. Ke4 $15) 28. Qd6 (28. Qd8 e4+ 29. Kxe4
Qc6+ 30. Kd4 Qxg2 $19 {->}) 28... Qxd6 29. Rxd6 b4 $19 {Now the pawns march on,
עf3 only helps Black.} 30. e4 (30. Rc6 $4 Bd5+) (30. Rd1 b3 31. Ra1 Bd3 $19)
30... b3 31. Rd1 a5 32. Ke3 a4 33. Kd2 b2 (33... a3 34. Kc3 b2 {-33...b2}) 34.
Kc3 (34. Kc2 Bb3+) 34... a3 $1 {/\Ba2} (34... a3 35. Kxc4 a2 $19) 0-1

[Event "ISR-ch op"]
[Site "Ramat Aviv"]
[Date "1999.04.08"]
[Round "9"]
[White "Tsesarsky, Ilya"]
[Black "Krayz, Alexander"]
[Result "0-1"]
[WhiteElo "2430"]
[BlackElo "2382"]
[Annotator "Tsesarsky,I"]
[PlyCount "332"]
[EventDate "1999.03.28"]
[EventType "swiss"]
[EventRounds "9"]
[EventCountry "ISR"]
[SourceTitle "CBM 070"]
[Source "ChessBase"]
[SourceDate "1999.06.08"]
[SourceVersion "1"]
[SourceVersionDate "1999.06.08"]
[SourceQuality "1"]

{[%mdl 8192]} 1. Nf3 Nf6 2. c4 b6 3. Nc3 Bb7 4. Qc2 $6 c5 5. e4 d6 $6 (5... Nc6
$1 6. e5 Ng4 7. Qf5 $6 (7. Qe4 Nh6 (7... Nb4 8. Qxb7 Nc2+ 9. Ke2 $1 (9. Kd1
Nxa1 10. Ne4 Rb8 11. Qd5 (11. Qxa7 Ra8 12. Qb7 Rxa2 $19) 11... Qc7 12. b3 e6
13. Qd3 Nxe5 $19) 9... Nxa1 10. Qe4 $16 {[%csl Ra1][%cal Ge4b1]}) 8. Be2 (8. d4
cxd4 (8... Nxd4 9. Qxb7 Nc2+ 10. Kd1 Nxa1 11. Qe4 $14) 9. Nxd4 (9. Bxh6 dxc3
$17) 9... g6 10. Nf3 Bg7 11. Nd5 (11. Bg5 $132)) 8... Qb8 9. O-O Nd4 10. Qd3
Nxe2+ 11. Qxe2 Nf5 $11) 7... Nh6 8. Qf4 Nb4 9. Rb1 g6 $15) 6. d4 cxd4 7. Nxd4
e6 8. Be2 Be7 9. O-O Nbd7 10. Rd1 a6 11. Be3 Rc8 12. f3 O-O 13. Bf1 Qc7 14.
Rac1 Rfe8 15. Qf2 Bf8 16. b4 Qb8 17. a3 Ba8 18. Nb3 Rc6 19. a4 Rec8 20. Bd4
R6c7 21. a5 $6 $11 (21. Rb1 d5 $2 (21... Be7 22. a5 $1 (22. Rdc1 e5 (22... Rb7
23. Kh1 (23. c5 {[%cal Gf1a6]} bxc5 24. Bxf6 Nxf6 25. Bxa6 Rxb4 26. Bxc8 Rxb3
27. Ba6 d5 $132) 23... h6 (23... Ne5 24. c5 bxc5 (24... dxc5 25. bxc5 bxc5 26.
Bxe5 Qxe5 27. Bxa6 Bd6 28. Qg1 $18) 25. Bxe5 cxb4 (25... dxe5 26. Bxa6 Rxb4 27.
Bxc8 Rxb3 28. Ba6 $16) 26. Bxf6 Bxf6 27. Nd1 $16) 24. c5 (24. Qb2 $5 Ne5 (24...
Qc7 25. a5 bxa5 26. Nxa5 Rbb8 27. Qf2 $16) 25. Bxe5 dxe5 26. c5 bxc5 27. Bxa6
cxb4 28. Bxb7 bxc3 29. Na5 $1 Bd8 30. Rxc3 $18) 24... bxc5 25. Bxf6 Bxf6 26.
Bxa6 Rxb4 27. Bxc8 Qxc8 $132) 23. Be3 Qb7 24. Qd2 $1 {[%cal Ga4a5]} (24. a5 b5
25. Nd5 (25. Bb6 $6 Rxc4 (25... Nxb6 26. axb6 Rxc4 27. Bxc4 bxc4 28. Na5 $16)
26. Bxc4 bxc4 27. Nd2 Nxb6 28. axb6 Bd8 29. Na4 $132) 25... Nxd5 26. cxd5 Rc3
27. Bd2 R3c7 28. Bd3 Nf8 29. Rxc7 Rxc7 30. Rc1 Rxc1+ 31. Nxc1 Qd7 32. Ne2 Bb7
33. Be3 $14) 24... Rc6 25. a5 $16) 22... b5 23. cxb5 Rxc3 24. Bxc3 Rxc3 25. Qd2
Rc8 26. b6 Bb7 27. b5 axb5 28. Bxb5 d5 29. Kh1 $16) 22. exd5 e5 (22... exd5 23.
Nxd5 Bxd5 24. cxd5 Qb7 (24... Rc2 25. Qh4 $1 Nxd5 (25... Bxb4 26. Bxf6 Nxf6 27.
Qxb4 $18) (25... Qa8 26. Bd3 $16) 26. Bd3 $18) 25. d6 Bxd6 26. Bxf6 Rc2 27. Qh4
$18) 23. Be3 Bxb4 24. Ne4 Nxe4 (24... b5 25. axb5 axb5 26. d6 Rxc4 27. Nxf6+
Nxf6 28. d7 Rd8 29. Bxc4 bxc4 30. Nc5 $18) 25. fxe4 Nc5 26. Nxc5 Bxc5 27. a5
Rb7 28. axb6 Rxb6 29. Rxb6 Qxb6 30. Bxc5 Qxc5 31. Qxc5 Rxc5 32. Rb1 Rc8 33. c5
$18) 21... bxa5 22. b5 a4 23. Na5 $2 $17 (23. Nxa4 axb5 24. cxb5 Rxc1 25. Rxc1
Rxc1 26. Nxc1 d5 27. exd5 e5 28. Ba7 Qc7 29. Nd3 Nxd5 $132) 23... Nc5 24. bxa6
$5 (24. Bxc5 dxc5 (24... Rxc5 $1 25. Nxa4 Rh5 26. h3 $1 (26. g4 Rg5 27. Qe3 (
27. h4 Nxg4 28. fxg4 Rxg4+ 29. Kh2 d5+ 30. Kh3 Rf4 31. Qg3 axb5 32. cxb5 Rxc1
33. Rxc1 dxe4 $17) (27. Nb6 Nxg4 28. fxg4 Rxg4+ 29. Bg2 Bxe4 $19) 27... axb5
28. cxb5 Rxc1 29. Rxc1 Rxb5 30. Bxb5 (30. Nc6 Bxc6 31. Rxc6 Rb3 $17) 30... Qxb5
$19) 26... Nd7 (26... axb5 27. cxb5 Rxc1 28. Rxc1 Rxb5 29. Bxb5 Qxb5 30. Qa7
Bxe4 31. fxe4 Qxa4 32. Rc8 Qxe4 (32... h6 33. Qe7 Nh7 34. Nb7 Qxe4 35. Nxd6
Qe1+ 36. Kh2 Qe5+ $11) 33. Nc6 g5 34. Qe7 Qe1+ 35. Kh2 Ng4+ $11) 27. g4 axb5
28. cxb5 Rxc1 29. Rxc1 Rxb5 30. Bxb5 Qxb5 31. Qa7 Qxa4 (31... Bxe4 $1 32. Rc7 (
32. fxe4 Qxa4 33. Rc7 Ne5 $19) 32... Bxf3 33. Rxd7 Qxa4 $19) 32. Qxa8 Qd4+ 33.
Kh1 Qf2 34. Rc7 Qxf3+ 35. Kh2 Nc5 36. Rc8 $11) 25. Ra1 axb5 26. Nxb5 Rd7 27.
Rxd7 Nxd7 28. Rxa4 Be7 $15) (24. e5 dxe5 25. Bxe5 Qb6 26. Bxc7 Qxc7 27. Nc6
Bxc6 28. bxc6 Nb3 $19 {[%cal Gf8c5,Rc5g1]}) 24... Qb4 25. Nb7 Bxb7 (25... Nxb7
26. axb7 Rxb7 27. Ra1 a3 28. Rdb1 Qa5 29. Nb5 $132) 26. Rb1 Nb3 27. axb7 Rxb7
28. Nb5 Nd7 29. Kh1 Ra8 30. Qa2 (30. Qg3 Ra6 $17) 30... Qa5 31. Bc3 Qa6 32. e5
$5 (32. Nxd6 Bxd6 33. c5 Qc6 34. Rxd6 Qxc5 35. Rd3 (35. Rxd7 Rxd7 36. Rxb3 Rd1
$19) 35... Qc7 $17) (32. c5 Rxb5 33. cxd6 Qc6 34. Bxb5 Qxb5 35. e5 Qc5 $17)
32... dxe5 $4 (32... Nxe5 $1 33. c5 Rxb5 34. Rxb3 Rxb3 35. Bxa6 Rxc3 36. Qxa4
Rxc5 $19) 33. c5 Nbxc5 34. Nc7 Rxb1 35. Rxb1 Qc6 36. Nxa8 Qxa8 37. Bb5 e4 38.
f4 (38. fxe4 Qxe4 $17) 38... e3 39. Qe2 Qe4 40. Rb4 Qd5 41. Be1 $4 $19 (41.
Bxa4 $1 Nxa4 (41... Qd3 42. Qxd3 Nxd3 43. Rd4 $11) 42. Rxa4 Qb3 43. Rd4 $1 Nb6
(43... Qxc3 44. Rxd7 Qa1+ 45. Qd1 $11) 44. Rd3 Qb1+ (44... Nd5 45. Bxg7 Qb1+
46. Rd1 Nxf4 47. Rxb1 Nxe2 48. Bxf8 Kxf8 49. Re1 $14) 45. Rd1 Qf5 46. Be5 (46.
Qxe3 Nd5 47. Qf3 Nxf4 48. g3 $11)) 41... a3 42. Bc4 Qe4 43. Bb5 Qa8 44. Rb1 Nf6
45. Qxe3 Nd5 $1 (45... Qe4 $2 46. Qxe4 Ncxe4 47. Bc4 Nd5 48. Bxd5 exd5 49. Rb8
a2 50. Ra8 f5 51. Rxa2 $16) 46. Qf3 a2 47. Ra1 Qb7 48. Qf1 Ne3 49. Qe2 Nxg2 50.
Qxg2 Qxb5 51. Rxa2 Qb1 52. Re2 g6 $4 (52... Nd3 53. Qf1 (53. Qe4 Nf2+ $19)
53... Bb4 $19) 53. Qg3 $4 (53. Qg1 $1 Nd3 54. Bg3 $17) 53... Nd3 $19 54. Kg2
Qb7+ 55. Kh3 Qd5 56. Re3 Qf5+ 57. Kg2 Nxf4+ 58. Kh1 Bc5 59. Rf3 e5 60. Rf1 Qc2
61. Qf3 Qd3 62. Qxd3 (62. Bg3 $5 Qxf3+ 63. Rxf3 g5 $19) 62... Nxd3 63. Bc3 Bb4
64. Ba1 (64. Bxb4 Nxb4 $19) 64... f5 65. Kg2 Kf7 66. Kf3 Ke6 67. Ke3 e4 68. Bg7
Kd5 69. Bh6 Bc3 70. h3 Bb2 71. Bf8 f4+ 72. Kd2 Ke6 73. Bh6 Kf5 74. Rg1 Bf6 75.
Rb1 Nb2 76. Rc1 e3+ 77. Ke2 Ke4 78. Bxf4 Kxf4 79. Rf1+ Ke5 80. Kxe3 Nc4+ 81.
Kd3 Nd6 82. Ke3 Ne4 83. Ra1 Kf5 84. Rf1+ Ke5 85. Ra1 Bd8 86. Kf3 Kf5 87. Ra4
Ng5+ 88. Kg2 Ne6 89. Kf3 Bc7 90. Rc4 Be5 91. Ra4 Nd4+ 92. Kg2 Kf4 93. Rb4 Kg5
94. Ra4 Nf5 95. Rg4+ Kh5 96. Ra4 Nh4+ 97. Kf2 Bf6 98. Kg3 Nf5+ 99. Kf3 Bh4 100.
Re4 Bg3 101. Ra4 Bd6 102. Rc4 h6 103. Ra4 Nh4+ 104. Kf2 g5 105. Rc4 Bf4 106.
Rc6 Be5 107. Ra6 Ng6 108. Kg2 Nf4+ 109. Kg3 Nd5+ 110. Kg2 Bf4 111. Rc6 Ne3+
112. Kf3 Nf5 113. Rf6 Nd4+ 114. Kg2 (114. Ke4 Ne2 115. Kf3) 114... Be5 115. Ra6
Ne2 116. Rc6 Nf4+ 117. Kg3 Nd5+ 118. Kf3 Bg7 119. Kg3 Bf6 120. Ra6 Kg6 121. Ra5
Ne7 122. Kf3 Nc6 123. Ra6 Ne5+ 124. Ke4 h5 125. Ra5 Nc4 126. Ra6 Nd2+ 127. Kd3
Nb1 128. Ra5 Nc3 129. Ke3 Nd1+ 130. Ke2 Nb2 131. Kf3 Nc4 132. Rb5 Be5 133. Rc5
Nd2+ 134. Ke2 (134. Ke3 Bd4+ 135. Kxd4 Nb3+ $19) 134... Bf4 135. Rc6+ Kg7 136.
Rc2 Ne4 137. Kf3 Nd2+ 138. Ke2 Nb3 139. Rc3 Nd4+ 140. Kd3 Nf5 141. Ke4 Nd6+
142. Kd5 (142. Kf3) 142... Kf6 143. Rc5 g4 144. hxg4 hxg4 145. Kd4 g3 146. Rc2
Kf5 147. Kd5 Kg4 148. Rg2 Kf3 149. Rxg3+ Bxg3 150. Kd4 Bf4 151. Kd5 Ke3 152.
Kc5 Ke4 153. Kc6 Kd4 154. Kb6 Kd5 155. Kc7 Ne4+ 156. Kb6 Nc5 157. Ka7 Kc6 158.
Ka8 Nd7 159. Ka7 Nb6 160. Ka6 Bb8 161. Ka5 Nd5 162. Ka4 Kc5 163. Kb3 Bg3 164.
Kc2 Kd4 165. Kd2 Nf4 166. Kc2 Be1 0-1